| 000 | 00471nam a2200169Ia 4500 | ||
|---|---|---|---|
| 003 | GCL | ||
| 008 | 140319s9999 xx 000 0 ara d | ||
| 040 |
_aGCL / _cGCL |
||
| 082 | 0 | 4 |
_aد _b050 |
| 100 | 1 | _aطاهر الطناحى | |
| 245 | 1 | 0 |
_aنشيد الكروان ( اقرا 302 ) / _cطاهر الطناحى |
| 300 | _a133 ص | ||
| 490 |
_aوثائق ونصوص _v0 |
||
| 650 | 0 | 4 | _aالادب العربى |
| 650 | 0 | 4 | _aالقصص القصيرة |
| 942 |
_2ddc _cCF |
||
| 999 |
_c27364 _d27364 |
||